Mothers / (Record no. 6736)

MARC details
000 -LEADER
fixed length control field 00745nam a22002657a 4500
001 - CONTROL NUMBER
control field 6736
003 - CONTROL NUMBER IDENTIFIER
control field FISKH
005 - DATE AND TIME OF LATEST TRANSACTION
control field 20250523114742.0
008 - FIXED-LENGTH DATA ELEMENTS--GENERAL INFORMATION
fixed length control field 250523b cb ||||| |||| 00| 0 eng d
020 ## - INTERNATIONAL STANDARD BOOK NUMBER
International Standard Book Number 9781429617567
040 ## - CATALOGING SOURCE
Original cataloging agency FISKH
Language of cataloging eng
Transcribing agency FISKH
Modifying agency FISKH
050 ## - LIBRARY OF CONGRESS CALL NUMBER
Classification number HQ759.S2735
082 ## - DEWEY DECIMAL CLASSIFICATION NUMBER
Classification number 306.874
100 ## - MAIN ENTRY--PERSONAL NAME
Personal name Schaefer, Lola M.
245 ## - TITLE STATEMENT
Title Mothers /
Statement of responsibility, etc. by Lola M. Schaefer
260 ## - PUBLICATION, DISTRIBUTION, ETC.
Place of publication, distribution, etc. Minessota :
Name of publisher, distributor, etc. Capstone Press,
Date of publication, distribution, etc. 2008.
300 ## - PHYSICAL DESCRIPTION
Extent 24 pages :
Other physical details color illustrations ;
Dimensions 18 cm
505 ## - FORMATTED CONTENTS NOTE
Formatted contents note C<br/>
520 ## - SUMMARY, ETC.
Summary, etc. Simple text and photographs depict mothers and what they do with their children.
521 8# - TARGET AUDIENCE NOTE
Target audience note 90<br/>
Source Lexile
521 8# - TARGET AUDIENCE NOTE
Target audience note C<br/>
Source Raz-Plus<br/>
650 ## - SUBJECT ADDED ENTRY--TOPICAL TERM
Topical term or geographic name entry element Family
Form subdivision Homes
942 ## - ADDED ENTRY ELEMENTS (KOHA)
Source of classification or shelving scheme Dewey Decimal Classification
Koha item type Books
Suppress in OPAC No
Holdings
Withdrawn status Lost status Source of classification or shelving scheme Damaged status Not for loan Collection Home library Current library Shelving location Date acquired Total Checkouts Full call number Barcode Date last seen Copy number Price effective from Koha item type
    Dewey Decimal Classification     Non-Fiction Footprints International School Library Network Toul Kork Campus Footprints International School Library Network Toul Kork Campus TK Primary Library Room(4th Floor), Bookcase 7, Shelves 57-60, Dark Green Books 05/23/2025   SCH 306.874 HQ759.S2735 FISTK00966 05/23/2025 1 05/23/2025 Books